Našim cieľom je zvýšenie celkovej produktivity podniku a zlepšenie vo všetkých oblastiach!

Bibliographic Details
Corporate Author: SLCP Consulting (Žilina, Slovensko) (Author)
Format: Article
Language:Slovak
PhysicalDescription:Obr., sch.
ISSN:1335-5961
Subjects:

MARC

LEADER 00000nab a2200000 a 4500
001 vtls009282475
003 SK-MaSNL
005 20260304152333.0
008 250506c2007 xo br|p|||||||000 b|slo
015 |a SNBRB2008/04  |2 snkbucl 
035 |a (uuid)6280f0f1-24bc-4947-89a1-fbd471aafb94 
035 |a urn:nbn:sk:snk-abadan 
035 |a (urnnbn)urn:nbn:sk:snk:ar-a0an8x 
038 |a SNKBUCL 
040 |a SNKBUCL  |b slo  |c SNKBUCL  |e AACR2 
041 0 |a slo 
044 |a xo  |c SK 
080 |a 338.312:061.2(437.6)  |2 2001 
080 |a 659.235:658.11.011.4  |2 2001 
080 |a 658.11.011.4  |2 2001 
110 2 |a SLCP Consulting (Žilina, Slovensko)  |4 aut  |9 1474575 
245 0 0 |a Našim cieľom je zvýšenie celkovej produktivity podniku a zlepšenie vo všetkých oblastiach!  |c SLCP Consulting 
300 |b Obr., sch. 
500 |a Úvodný citát 
610 2 7 |a SLCP Consulting (Žilina, Slovensko)  |2 snkbucl  |9 1474575 
650 0 7 |a produktivita  |2 snkbucl  |9 14205 
650 0 7 |a poradenstvo  |2 snkbucl  |9 3604 
773 0 |t Produktivita a inovácie  |g Roč. 8, č. 4 (2007), s. 14-15  |x 1335-5961 
850 |a Slovenská národná knižnica 
852 |a Slovenská národná knižnica 
954 |a odborná, vedecká literatúra pôvodná (slovenská)  |2 lita 
958 |a article14 
958 |a OND 
958 |a SK 
958 |a EUIPO 
999 |c 2948413  |d 2950343